[Event "FIDE WCCC U12 2018"]
[Site "Santiago de Compostela"]
[Date "2018.11.12"]
[Round "8"]
[White "Ohanyan, Emin"]
[Black "Tham, Nam"]
[Result "1-0"]
[WhiteElo "1742"]
[BlackElo "1983"]
[Annotator "NA RC"]
[PlyCount "51"]
[EventDate "2018.11.04"]
[EventType "swiss"]
[EventCountry "ESP"]
[SourceTitle "playchess.com"]
[Source "ChessBase"]
[SourceQuality "1"]
[TimeControl "40/5400+30:1800+30"]

{[%evp 25,45,61,154,177,363,292,268,137,116,85,271,261,260,225,716,753,705,741,753,775,1114,1170]} 1. e4 {[%emt 0:00:00]} e5 {[%emt 0:00:00]} 2. Nc3 {[%emt 0:00:00]} Nf6 {[%emt 0:00:00]} 3. Bc4 {[%emt 0:00:00]} Nc6 {[%emt 0:00:00]} 4. d3 {[%emt 0:00:00]} Na5 5. Bb3 Nxb3 {[%emt 0:00:25]} 6. axb3 {[%emt 0:00:23]} c6 {[%emt 0:00:22] C28: Vienna Game: 2...Nf6 3 Bc4 Nc6} (6... Bc5 7. h3 d6 8. Be3 Bxe3 9. fxe3 O-O 10. Qf3 Ne8 11. g4 Qh4+ 12. Kd2 g6 13. Nge2 c6 14. Raf1 {½-½ (61) Caruana,F (2822)-Aronian,L (2767) chess.com INT 2018}) 7. f4 {[%emt 0:05:39]} d6 {[%emt 0:02:29]} 8. Nf3 {[%emt 0:00:29]} Qc7 {[%emt 0:01:08]} 9. O-O {[%emt 0:01:46]} Be7 {[%emt 0:00:31]} 10. Kh1 {[%emt 0:12:20]} h6 {[%emt 0:02:18]} 11. Qe1 $146 {[%emt 0:03:58]} ({Predecessor:} 11. fxe5 dxe5 12. Be3 a6 13. Qd2 Be6 14. Na4 Nd7 15. Qf2 c5 16. Nh4 g6 17. Nf3 Rc8 {½-½ (17) Meier,G (2113)-Bhend,E (2240) Vaduz 2003}) 11... O-O {[%emt 0:06:22]} 12. f5 {[%emt 0:05:01]} Kh8 {[%emt 0:02:27]} 13. Rg1 {[%emt 0:22:27]} d5 {[%emt 0:03:32] [#]} (13... Kh7 $1 $14) 14. g4 $1 {[%emt 0:00:51]} Bb4 $2 {[%emt 0:16:08]} (14... dxe4 $16 15. dxe4 Ne8) 15. Qh4 {[%emt 0:07:19]} Nh7 {[%emt 0:09:04] [#]} 16. f6 {[%emt 0:06:09]} ({Weaker is} 16. exd5 f6 $16) (16. g5 $1 $18 {[%cal Rg5h6]} g6 17. gxh6 (17. Qxh6 Rg8 $18)) 16... Nxf6 {[%emt 0:13:13] [#]} 17. Bxh6 $1 {[%emt 0:01:37]} gxh6 $2 {[%emt 0:03:28]} (17... Nh7 $16 {was called for.}) 18. Qxf6+ {[%emt 0:00:22]} Kh7 {[%emt 0:00:59]} 19. Ng5+ {[%emt 0:13:19]} ({But not} 19. exd5 $6 Be7 $18) 19... hxg5 $2 {[%emt 0:08:16]} (19... Kg8 20. exd5 (20. Qxh6 f6 $18) 20... Qd6 21. Qxd6 Bxd6) 20. Rg3 {[%emt 0:00:23]} Bxg4 {[%emt 0:00:14]} 21. Qxg5 {[%emt 0:02:50]} ({Not} 21. Rxg4 Qe7 $18) 21... f5 {[%emt 0:09:09]} 22. Qh4+ {[%emt 0:01:50]} Kg6 {[%emt 0:02:52]} 23. exf5+ $18 {[%emt 0:00:23]} Kxf5 {[%emt 0:01:09]} 24. Qxg4+ {[%emt 0:01:39]} Kf6 {[%emt 0:00:13]} 25. Rf1+ {[%emt 0:01:47]} Ke7 {[%emt 0:00:24]} 26. Qxb4+ {[%emt 0:00:26]} 1-0

[Event "FIDE WCCC U12 2018"]
[Site "Santiago de Compostela"]
[Date "2018.11.13"]
[Round "9"]
[White "Gukesh D"]
[Black "Murzin, Volodar"]
[Result "0-1"]
[WhiteElo "2457"]
[BlackElo "2340"]
[Annotator "TA"]
[PlyCount "86"]
[EventDate "2018.11.04"]
[EventType "swiss"]
[EventCountry "ESP"]
[SourceTitle "playchess.com"]
[Source "ChessBase"]
[SourceQuality "1"]

{[%evp 10,86,12,-12,-11,-17,-20,-15,-20,-50,-48,-42,-40,-52,-25,-13,-11,-13,-7,-31,-20,-20,-19,-16,-26,-51,-23,-40,-9,-51,-43,-43,-44,-45,-29,-74,-72,-75,-70,-123,-87,-80,-101,-284,-284,-249,-234,-210,-210,-219,-215,-1200,-1154,-1195,-1201,-1064,-1166,-1135,-1108,-1075,-1035,-1627,-1543,-2231,-2250,-2026,-1693,-2407,-2258,-29974,-29975,-29974,-29975,-29974,-29975,-29974,-29974,-5219,-650]} 1. Nf3 d5 2. g3 Bg4 3. Bg2 c6 4. O-O Nd7 5. h3 Bh5 6. c4 {LiveBook: 8 Games. A07: Réti Opening: New York and Capablanca Systems} Bxf3 7. Bxf3 Ne5 8. Qb3 {[%cal Rc4d5] The position is equal.} Nxf3+ $146 ({Predecessor:} 8... Qb6 9. cxd5 Qxb3 10. axb3 Nxf3+ 11. exf3 cxd5 12. Nc3 {½-½ (44) Giri,A (2785)-So,W (2815) chess.com INT 2017}) 9. Qxf3 dxc4 10. Na3 Qd5 11. Qc3 Nf6 12. Qxc4 Qd7 13. Kg2 e6 14. b3 Be7 15. d3 b5 16. Qc2 O-O 17. Bb2 c5 18. Rad1 Rac8 19. Nb1 Nd5 {[%cal Bf6d5,Bd5b4,Bb4c6,Bc6d4][%mdl 32]} 20. Nd2 Nb4 $36 {[%mdl 2048] White is under pressure.} 21. Qb1 Nc6 22. Kh2 e5 23. Rc1 f5 {[%cal Bf7f5,Bf5f4][%mdl 32]} 24. Ba3 (24. Nf3 $15) 24... Nd4 25. e3 Ne6 26. Rcd1 $2 {[#]} (26. Nf3 $17) 26... f4 $1 $19 {Threatens to win with ...Ng5.} 27. Ne4 Ng5 28. Nxg5 Bxg5 29. exf4 exf4 {White must now prevent ...Rc6.} 30. g4 $2 (30. d4 b4 31. Bc1) 30... f3 31. Bc1 Qd6+ 32. Kh1 Bd8 {[%cal Bg5d8,Bd8c7,Bc7g3][%mdl 32] ( -> ...Bc7)} 33. Rg1 Bc7 {[%csl Gc7][%cal Rd6h2]} 34. Rg3 Qe6 35. Rgg1 Qe5 {[%csl Gc7][%cal Re5h2]} 36. Rg3 Qe2 37. Be3 Bxg3 38. Rd2 {[#]} Bxf2 $1 39. Rxe2 (39. Bxf2 Qxd2) 39... fxe2 40. Bd2 Bh4 41. Qc2 Rf1+ 42. Kg2 Rcf8 {[%csl Gf1,Gh4][%cal Rf8f2]} 43. Qxc5 R8f2+ {Precision: White = 52%, Black = 85%.} 0-1

[Event "FIDE WCCC U12 2018"]
[Site "Santiago de Compostela"]
[Date "2018.11.13"]
[Round "9"]
[White "Yoo, Christopher Woojin"]
[Black "Tyurin, Artem"]
[Result "1-0"]
[WhiteElo "2407"]
[BlackElo "2018"]
[Annotator "TA"]
[PlyCount "103"]
[EventDate "2018.11.04"]
[EventType "swiss"]
[EventCountry "ESP"]
[SourceTitle "playchess.com"]
[Source "ChessBase"]
[SourceQuality "1"]

{[%evp 15,103,40,49,7,22,7,24,18,35,0,59,52,68,64,68,57,72,66,87,58,71,54,62,63,44,79,97,74,83,72,162,154,280,268,456,429,616,611,563,516,511,514,485,149,156,141,134,111,143,93,83,78,76,67,136,137,316,315,306,299,295,208,178,103,104,106,125,133,120,120,154,154,152,137,159,163,156,122,308,301,301,293,930,923,895,877,768,760,1511,1438]} 1. e4 c5 2. Nf3 d6 3. d4 cxd4 4. Nxd4 Nf6 5. Nc3 a6 6. Nb3 e6 {B90: Sicilian Najdorf: Unusual White 6th moves, 6 Be3 Ng4 and 6 Be3 e5} 7. g4 {[%cal Bg2g4,Bg4g5][%mdl 32]} Be7 8. g5 Nfd7 {LiveBook: 6 Games. White is slightly better.} 9. Bg2 Nc6 10. O-O $146 ({Predecessor:} 10. h4 O-O 11. f4 b5 12. O-O Bb7 13. a4 b4 14. Ne2 {½-½ (63) Almasi,Z (2702)-Bulmaga,I (2402) Douglas 2018}) 10... O-O 11. f4 {[%cal Bf2f4,Bf4f5][%mdl 32]} Qc7 12. f5 Rd8 (12... Qd8 $11) 13. Ne2 {[%cal Bc3e2,Be2g3,Bg3h5][%mdl 32]} Nde5 14. f6 Bf8 15. fxg7 Bxg7 16. Ng3 d5 17. Nh5 $36 {[%mdl 2048] White is pushing.} dxe4 18. Qe2 {[#]} Nf3+ $1 {[%mdl 512]} 19. Bxf3 exf3 20. Qxf3 e5 21. Nxg7 Kxg7 22. Be3 b6 (22... Rd6 $16) 23. Rf2 $18 Rb8 (23... Kh8 $16 {was worth a try.} 24. Raf1 (24. Qxf7 Qxf7 25. Rxf7 Bh3 $16) 24... Rg8) 24. Raf1 Nb4 $2 (24... Kg8 25. Nd2 (25. Qxf7+ Qxf7 26. Rxf7 Bh3 $14) 25... Rxd2) 25. Qe4 Nd5 (25... Be6 $142 26. Qxb4 Kh8) 26. Rxf7+ Qxf7 27. Qxe5+ Nf6 28. Qxb8 Qc4 29. Qf4 $2 (29. gxf6+ $18 {is more deadly.} Kf7 30. Qe5 Qg4+ 31. Kf2 Qh4+ 32. Qg3 (32. Kg1 $2 Rg8+ 33. Bg5 Rxg5+ 34. Qxg5 Qxg5+ 35. Kf2 Qf5+ 36. Ke1 Qxc2 $19) 32... Qxg3+ 33. hxg3) 29... Qxf4 $16 30. Bxf4 Ne4 31. Re1 Bb7 32. Nd4 {Strongly threatening Ne6+.} Kg6 33. c3 b5 34. Re3 b4 {[#]} (34... Rf8 $1 $14 35. Bc7 Bd5) 35. Rh3 $1 {[%cal Rh3h6]} Rd7 $2 (35... bxc3 $16 36. Rh6+ (36. bxc3 Rd7 $16) 36... Kf7) 36. Rh6+ $18 Kg7 37. cxb4 Kg8 38. Be3 Nxg5 39. Bxg5 ({White should try} 39. Rb6 $18) 39... Rxd4 {[%mdl 4096] Endgame KRB-KRB} 40. Rb6 Rg4+ 41. Kf2 Bd5 42. Bd2 ({Of course not} 42. Rxa6 $6 Rxg5 43. Ke3 Rh5 $11) 42... Bxa2 43. Rxa6 Bc4 44. Ra5 Kf7 45. b5 {[%cal Bb4b5,Bb5b6,Bb6b7][%mdl 32] Black must now prevent b6.} Rd4 46. Bc3 Rd5 $2 (46... Rd6 $16 47. Ra7+ Ke6 48. Rxh7 Bxb5) 47. Ra7+ Ke6 48. b6 ({Less strong is} 48. Rxh7 Bxb5 49. Kf3 Bd3 $16) 48... h5 $2 (48... Rb5 49. Rxh7 Kd6 50. Rh6+ Be6) 49. b7 {White is clearly winning.} Rb5 50. Ra4 Bd5 51. Ra6+ Kd7 52. Ra5 {Precision: White = 59%, Black = 27%.} 1-0

[Event "FIDE WCCC U12 2018"]
[Site "Santiago de Compostela"]
[Date "2018.11.13"]
[Round "9"]
[White "Guo, Arthur"]
[Black "Chen, Max"]
[Result "*"]
[WhiteElo "2333"]
[BlackElo "1910"]
[Annotator "TA"]
[PlyCount "31"]
[EventDate "2018.11.04"]
[EventType "swiss"]
[EventCountry "ESP"]
[SourceTitle "playchess.com"]
[Source "ChessBase"]
[SourceQuality "1"]

{[%evp 13,19,22,47,20,27,13,50,26]} 1. e4 c6 2. d4 d5 3. Nc3 dxe4 4. Nxe4 Nf6 5. Ng3 Qc7 6. Nf3 e6 7. Bd3 Nbd7 {LiveBook: 12 Games} 8. Qe2 {B17: Caro-Kann: Modern Line (4...Nd7)} (8. O-O b6 9. Qe2 Bb7 10. c4 h6 11. b3 O-O-O 12. Bb2 c5 13. Ne5 Nb8 14. d5 Bd6 15. dxe6 fxe6 16. Bg6 {½-½ (31) Aleksic,N (2357)-Salvador,R (2461) Crema 2013}) 8... Be7 9. O-O O-O 10. c4 {Predecessor:} Re8 $146 11. b3 c5 12. Bb2 b6 13. dxc5 Qxc5 14. Ne4 Qc7 15. Nd4 Bb7 16. Nb5 {1-0 (39) Ahmed,S (2324)-Lalith,B (2320) Dhaka 2007} *

[Event "FIDE WCCC U12 2018"]
[Site "Santiago de Compostela"]
[Date "2018.11.13"]
[Round "9"]
[White "Guo, Arthur"]
[Black "Chen, Max"]
[Result "1/2-1/2"]
[WhiteElo "2333"]
[BlackElo "1910"]
[Annotator "TA"]
[PlyCount "105"]
[EventDate "2018.11.04"]
[EventType "swiss"]
[EventCountry "ESP"]
[SourceTitle "playchess.com"]
[Source "ChessBase"]
[SourceQuality "1"]

{[%evp 13,105,28,52,28,20,16,32,13,14,0,17,-5,0,-10,0,0,0,-12,0,0,15,6,2,-81,13,0,1,-4,0,0,0,7,15,11,11,15,28,13,37,1,8,8,15,15,15,12,15,15,14,10,14,7,11,11,14,14,62,14,54,14,14,14,14,0,36,14,37,14,14,0,0,-31,-31,-31,-31,-31,-30,-31,-41,-34,-32,-39,-39,-38,-39,-47,-39,-56,0,0,0,0,0,0]} 1. e4 c6 2. d4 d5 3. Nc3 dxe4 4. Nxe4 Nf6 5. Ng3 Qc7 6. Nf3 e6 7. Bd3 Nbd7 {LiveBook: 12 Games} 8. Qe2 {B17: Caro-Kann: Modern Line (4...Nd7)} (8. O-O b6 9. Qe2 Bb7 10. c4 h6 11. b3 O-O-O 12. Bb2 c5 13. Ne5 Nb8 14. d5 Bd6 15. dxe6 fxe6 16. Bg6 {½-½ (31) Aleksic,N (2357)-Salvador,R (2461) Crema 2013}) 8... Be7 9. O-O O-O 10. c4 {White is slightly better.} Re8 11. Bd2 c5 $146 ({Predecessor:} 11... b6 12. Rae1 Bb7 13. Ne5 Nf8 14. Bc3 a5 15. a3 Rad8 16. Bc2 Rb8 17. f4 {1-0 (40) Shianovsky,V-Poliak,E Riga (Latvia) 1955}) 12. Rac1 b6 13. dxc5 Nxc5 14. Bc2 Bb7 15. Bc3 Red8 16. Rfe1 Rac8 17. Ne5 Ncd7 18. Nf3 (18. Nxf7 $11 {keeps the balance.} Qc6 19. Be4 Nxe4 20. Nxd8 Nxg3 21. Qxe6+ Qxe6 22. Rxe6 (22. Nxe6 Ne4 $11) 22... Bxd8 23. hxg3) 18... Nc5 ({Black should try} 18... Qxc4 $17 {Hoping for ...Nd5.} 19. Qxc4 Rxc4 20. Bxf6 Bxf6 21. Bxh7+ Kxh7 22. Rxc4 Bxf3 23. gxf3 Ne5) 19. Nf5 exf5 20. Qxe7 Nfe4 21. Qxc7 Rxc7 22. Rcd1 Rxd1 23. Rxd1 {[%cal Rd1d8] [#]} Ne6 24. Bxe4 Bxe4 25. Ng5 Bc2 26. Rd6 Bb1 27. a3 Ba2 28. Nxe6 fxe6 29. Rxe6 Bxc4 $11 {[%mdl 4096] Endgame KRB-KRB} 30. Re5 Bd3 31. f3 Rd7 32. Re8+ Kf7 33. Rh8 h6 34. h4 Bc4 35. Kf2 Rb7 36. Ke3 Bf1 37. g3 Rd7 38. Kf4 Bd3 39. Ra8 Bc2 40. Bb4 Kg6 41. Bc3 Bd1 42. Rc8 Rd3 43. Rc6+ Kh7 44. Kxf5 Rxf3+ 45. Ke6 Rxg3 46. Rc7 a5 47. Rb7 Bf3 48. Ra7 Rg4 49. Be5 a4 50. Kf7 Bd5+ (50... h5 $15) 51. Kf8 {The position is equal.} h5 52. Rxg7+ Rxg7 53. Bxg7 {Precision: White = 41%, Black = 58%.} 1/2-1/2

[Event "FIDE WCCC U12 2018"]
[Site "Santiago de Compostela"]
[Date "2018.11.13"]
[Round "9"]
[White "Lazavik, Denis"]
[Black "Bui, Bao Anh Le"]
[Result "*"]
[WhiteElo "2235"]
[BlackElo "2101"]
[Annotator "TA"]
[PlyCount "27"]
[EventDate "2018.11.04"]
[EventType "swiss"]
[EventCountry "ESP"]
[SourceTitle "playchess.com"]
[Source "ChessBase"]
[SourceQuality "1"]

{[%evp 16,17,27,21]} 1. d4 {Krasenkow,M} d5 2. c4 e6 3. Nf3 c6 4. Qc2 dxc4 5. Qxc4 Nf6 6. Bg5 b5 {D30: Queen's Gambit Declined: Systems without Nc3} 7. Qc2 Bb7 8. Nbd2 Nbd7 9. e4 {LiveBook: 51 Games} {Predecessor:} Qb6 $146 10. a4 a6 11. axb5 cxb5 12. Bd3 Rc8 13. Qb1 h6 14. Be3 {0-1 (38) Wang,H (2752)-Nakamura,H (2769) Wijk aan Zee 2013 CBM 153 [Krasenkow,M]} *

[Event "FIDE WCCC U12 2018"]
[Site "Santiago de Compostela"]
[Date "2018.11.13"]
[Round "9"]
[White "Lazavik, Denis"]
[Black "Bui, Bao Anh Le"]
[Result "1-0"]
[WhiteElo "2235"]
[BlackElo "2101"]
[Annotator "TA"]
[PlyCount "47"]
[EventDate "2018.11.04"]
[EventType "swiss"]
[EventCountry "ESP"]
[SourceTitle "playchess.com"]
[Source "ChessBase"]
[SourceQuality "1"]

{[%evp 16,47,27,12,79,91,83,90,149,70,163,179,336,365,453,277,276,283,413,400,392,380,425,402,401,395,590,570,1027,1010,1597,1544,1543,1534]} 1. d4 d5 2. c4 e6 3. Nf3 c6 4. Qc2 dxc4 5. Qxc4 Nf6 6. Bg5 b5 {D30: Queen's Gambit Declined: Systems without Nc3} 7. Qc2 Bb7 8. Nbd2 (8. g3 Nbd7 9. Bg2 c5 10. dxc5 Bxc5 11. O-O Rc8 12. Qb3 a6 13. a4 b4 14. Nbd2 {1-0 (32) Lalith,B (2587)-Zhigalko,S (2671) Doha 2016}) 8... Nbd7 9. e4 {LiveBook: 51 Games} Qa5 (9... h6 $11 {keeps the balance.} 10. Bxf6 Nxf6) 10. Bd3 $146 ({Predecessor:} 10. Be2 c5 11. O-O Rc8 12. d5 exd5 13. exd5 Be7 14. a4 {1-0 (29) Verstraeten,R (2265)-Bratkovic,S (2097) Pula 2017}) 10... Rc8 11. O-O c5 ({Better is} 11... Qb6) 12. Bxf6 (12. Qb3 $16) 12... Nxf6 {[#]} ({Black should play} 12... gxf6 $14 13. a4 cxd4 14. axb5 Rxc2 15. Rxa5 Rxb2) 13. a4 $1 $18 {[%cal Ra4b5]} b4 $2 (13... cxd4 14. Bxb5+ Ke7) 14. Bb5+ Bc6 15. Bxc6+ Rxc6 {[#]} 16. d5 $1 {[%mdl 512]} Rc7 (16... Ra6 $142 17. d6 Nd7) (16... exd5 17. exd5) 17. Nc4 Qa6 18. Rad1 exd5 19. exd5 Bd6 20. Rfe1+ Kd8 (20... Kf8 {was called for.} 21. Nfe5 Kg8 22. Nxd6 Qxd6) 21. Nfe5 {Threatens to win with Nc6+.White is clearly winning.} Kc8 22. Nc6 Rd7 23. Nxd6+ Rxd6 24. Qxc5 {Precision: White = 73%, Black = 16%.} 1-0

[Event "FIDE WCCC U12 2018"]
[Site "Santiago de Compostela"]
[Date "2018.11.13"]
[Round "9"]
[White "Tashev, Aleksandar"]
[Black "Paduano, Claudio"]
[Result "*"]
[WhiteElo "2211"]
[BlackElo "2017"]
[Annotator "TA"]
[PlyCount "33"]
[EventDate "2018.11.04"]
[EventType "swiss"]
[EventCountry "ESP"]
[SourceTitle "playchess.com"]
[Source "ChessBase"]
[SourceQuality "1"]

{[%evp 13,14,4,19]} 1. Nf3 d5 2. g3 Nf6 3. Bg2 c5 4. O-O Nc6 5. d4 e6 6. c4 dxc4 7. Ne5 Bd7 {LiveBook: 432 Games} {Predecessor:} 8. Nxc4 $146 cxd4 9. Bf4 Be7 10. Nd6+ Kf8 11. Nxb7 Qb6 12. Nd6 Qc5 13. b4 Qxb4 14. a3 Qc5 15. Qb3 Na5 16. Qb4 Qxb4 17. axb4 {1-0 (45) Wojtaszek,R (2727)-Adams,M (2712) Douglas 2018} *

[Event "FIDE WCCC U12 2018"]
[Site "Santiago de Compostela"]
[Date "2018.11.13"]
[Round "9"]
[White "Tashev, Aleksandar"]
[Black "Paduano, Claudio"]
[Result "1-0"]
[WhiteElo "2211"]
[BlackElo "2017"]
[Annotator "TA"]
[PlyCount "65"]
[EventDate "2018.11.04"]
[EventType "swiss"]
[EventCountry "ESP"]
[SourceTitle "playchess.com"]
[Source "ChessBase"]
[SourceQuality "1"]

{[%evp 17,65,20,28,0,10,0,0,0,0,0,0,0,0,0,0,0,25,36,35,20,39,27,27,33,45,27,41,28,50,0,56,57,46,0,84,63,85,85,90,83,91,94,5297,5297,5297,5289,29997,29998,29998,29999]} 1. Nf3 d5 2. g3 Nf6 3. Bg2 c5 4. O-O Nc6 5. d4 e6 6. c4 dxc4 7. Ne5 Bd7 8. Na3 {[%cal Bb1a3,Ba3c4,Bc4e5][%mdl 32]} cxd4 9. Naxc4 Rc8 {LiveBook: 52 Partien} 10. e3 {E04: Katalanisch} (10. Qb3 Nxe5 11. Nxe5 Bc6 12. Nxc6 bxc6 13. Rd1 c5 14. e3 Bd6 15. exd4 c4 16. Qc2 O-O 17. Bg5 h6 18. Bxf6 Qxf6 19. Qa4 {0-1 (75) Georgiev,V (2576)-Ivanchuk,V (2787) Heraklio 2007}) 10... b5 11. Nxc6 Bxc6 12. Bxc6+ {Die Stellung ist ausgeglichen.} Rxc6 13. Ne5 Rd6 {...dxe3 ist eine echte Drohung.} 14. exd4 $146 ({Vorgänger:} 14. Qb3 Rd5 15. exd4 Bd6 16. Be3 O-O 17. Rac1 Qb8 {½-½ (85) Bezgodova,S (2266)-Kavalenia,L (2289) Dimitrov 2007}) 14... Be7 15. Qe2 a6 16. a4 bxa4 ({Falsch wäre} 16... Rxd4 $2 17. Nc6 $18) (16... O-O {is interesting.} 17. axb5 axb5 18. Ra7 Nd7 19. Bf4 Nxe5 20. Bxe5 Rd5) 17. Rxa4 O-O 18. Rxa6 Rxa6 19. Qxa6 Qxd4 20. Nc6 Qd7 $1 21. b4 Nd5 22. b5 Bc5 23. Qa5 Bb6 (23... Qb7 $11) 24. Qa4 $14 Re8 25. Bb2 f6 (25... Ne3 $1 $11 {hält das Gleichgewicht.} 26. fxe3 Bxe3+ 27. Kg2 Qd5+ 28. Rf3 Qd2+ 29. Kf1 (29. Kh3 Bg1 $11) 29... Qd3+ 30. Ke1 Qd2+ 31. Kf1 Qd3+ 32. Ke1 Qd2+ 33. Kf1) 26. Rd1 Qc7 27. Bd4 Bxd4 28. Qxd4 Ra8 29. Qc5 Ra2 $2 {[%mdl 8192] [#]} (29... Kh8 $16) 30. Rxd5 $18 Ra1+ 31. Kg2 Qb7 32. Rd8+ Kf7 33. Qh5+ {Precision: Weiß = 82%, Schwarz = 35%.} 1-0

[Event "FIDE WCCC U12 2018"]
[Site "Santiago de Compostela"]
[Date "2018.11.13"]
[Round "9"]
[White "Chasin, Nico"]
[Black "Ghazarian, Kirk"]
[Result "*"]
[WhiteElo "2189"]
[BlackElo "2264"]
[Annotator "TA"]
[PlyCount "40"]
[EventDate "2018.11.04"]
[EventType "swiss"]
[EventCountry "ESP"]
[SourceTitle "playchess.com"]
[Source "ChessBase"]
[SourceQuality "1"]

{[%evp 21,22,47,55]} 1. d4 Nf6 2. c4 e6 3. Nc3 Bb4 4. e3 O-O 5. Bd3 b6 6. Nge2 Bb7 7. O-O c5 8. a3 Bxc3 9. Nxc3 d5 10. dxc5 bxc5 11. cxd5 exd5 {Vorgänger:} 12. b4 $146 cxb4 13. axb4 Nc6 14. b5 Ne5 15. Be2 Qc7 16. Qd4 Rfc8 17. Bd2 Nc4 18. Be1 Qb6 19. Qh4 a6 20. bxa6 Rxa6 {½-½ (40) Korobov,A (2605)-Ghaem Maghami,E (2599) Beijing 2008} *

[Event "FIDE WCCC U12 2018"]
[Site "Santiago de Compostela"]
[Date "2018.11.13"]
[Round "9"]
[White "Chasin, Nico"]
[Black "Ghazarian, Kirk"]
[Result "1-0"]
[WhiteElo "2189"]
[BlackElo "2264"]
[Annotator "TA"]
[PlyCount "95"]
[EventDate "2018.11.04"]
[EventType "swiss"]
[EventCountry "ESP"]
[SourceTitle "playchess.com"]
[Source "ChessBase"]
[SourceQuality "1"]

{[%evp 21,95,50,58,56,46,46,38,28,41,35,108,110,100,102,113,96,93,80,90,102,99,77,70,60,125,62,128,124,128,124,124,89,89,94,102,94,104,72,71,69,66,65,66,64,72,79,64,72,75,63,153,146,152,142,156,129,202,199,196,199,205,185,227,179,238,235,237,232,381,375,383,382,380,374,325,289]} 1. d4 Nf6 2. c4 e6 3. Nc3 Bb4 4. e3 O-O 5. Bd3 b6 6. Nge2 Bb7 7. O-O c5 8. a3 Bxc3 9. Nxc3 d5 10. dxc5 bxc5 11. cxd5 exd5 12. b4 {E44: Nimzo-Indian: Rubinstein: 4...b6 5 Ne2} Nbd7 (12... cxb4 13. axb4 Nc6 14. b5 Ne5 15. Be2 Qc7 16. Qd4 Rfc8 17. Bd2 Nc4 18. Be1 Qb6 19. Qh4 a6 20. bxa6 Rxa6 {½-½ (40) Korobov,A (2605)-Ghaem Maghami,E (2599) Beijing 2008}) 13. bxc5 Nxc5 14. Be2 {White is slightly better.} Rc8 15. Bb2 Qa5 $146 {[#]} ({Better is} 15... d4 $14 16. Qxd4 (16. exd4 Ne6 $11) 16... Qxd4 17. exd4 Ne6) ({Predecessor:} 15... a6 16. Na4 Ne6 17. Qb3 Bc6 {½-½ (33) Peckford,W (2285)-Teodoro,R Toronto 1993}) 16. Nb5 $1 $16 Nfe4 17. f3 Ng5 18. Nd6 Rcd8 19. Nf5 f6 20. Rc1 Nge6 21. Qe1 (21. Bc3 {looks sharper.} Qc7 22. Qe1 Rd7 23. Nd4 Qb8 24. Bb5) 21... Qxe1 22. Rfxe1 Rf7 (22... g6 $14) 23. Red1 (23. Bc3 $16) 23... Bc8 (23... Rc7 $14) 24. Bc3 Nb3 25. Rb1 Nec5 26. Nd4 Nxd4 27. Bxd4 Ne6 28. Bc3 Bb7 29. Rbc1 Rc7 30. Ba5 Rxc1 31. Rxc1 Rc8 32. Rb1 Rc5 33. Be1 Rc7 34. Bg3 Re7 35. Kf2 h6 {[#]} (35... Bc6 $14) 36. Bb5 $1 {Threatens to win with Bd6.} g5 37. Bd6 Rg7 38. a4 Nc7 (38... Nd8 $16 39. Bd3 Rd7) 39. Bd3 $18 Ne8 40. Bb8 a5 41. Rb6 Re7 42. Bb5 {aiming for Bxe8.} Bc8 (42... Kf8 $142 43. Bxe8 Kxe8 44. Rxf6 h5) 43. Bc6 Nc7 44. Bb7 Bf5 (44... Be6 {was called for.} 45. Bxc7 Rxc7 46. Rxe6 Rxb7 47. Rxf6 Rb4 48. Rxh6 Kg7) 45. Rxf6 Bc2 46. Bxc7 Rxc7 47. Bxd5+ Kg7 48. Rc6 {Precision: White = 78%, Black = 43%.} 1-0